000 00971nam a2200253Ia 4500
001 1603
003 GE_BSU
008 181216s||||||||xx |||||||||||||| ||und||
020 _a5505020712
040 _cGE_BSU
080 _a553.98(075.8)
100 _aზირაქაძე,მ. სანაძე,გ.
245 _aნავთობისა და გაზის დაგროვების ძებნა–ძიების თეორიული საფუძვლები და მეთოდები.
245 _bსახელმძღვ.
245 _cრედ.ნ.გოგუაძე.
260 _aთბ.
260 _bგანათლება.
260 _c1998.
300 _a240გვ;20 სმ;
300 _eბიბლიოგრ.:გვ.231-235.
541 _h8 ლ.
653 _aნავთობის და გაზის დაგროვება ძებნა–ძიება.
942 _cBK
999 _c35728
_d35728